La revolución de la independencia del Perú desde 1809 a 1819 / (Record no. 22902)

000 -CABECERA
fixed length control field 01339nam a22002297i 4500
003 - IDENTIFICADOR DEL NÚMERO DE CONTROL
control field AR-CdUCM
008 - DATOS DE LONGITUD FIJA--INFORMACIÓN GENERAL
fixed length control field 240514b20222022 pe||||| |||| 00| 0 spa d
020 ## - NÚMERO INTERNACIONAL ESTÁNDAR DEL LIBRO
ISBN 978-612-49070-4-3
040 ## - FUENTE DE LA CATALOGACIÓN
Agencia/entidad que catalogó originalmente la obra MUNICIPALIDAD PROVINCIAL DEL CUSCO
Entidad que transcribió la catalogación BIBLIOTECA MUNICIPAL DEL CUSCO
082 ## - NÚMERO DE LA CLASIFICACIÓN DECIMAL DEWEY
No. de Clasificación 985.04 / V64R
Notacion interna V64R
100 ## - ENTRADA PRINCIPAL--NOMBRE DE PERSONA
Nombre Personal Vicuña Mackenna, Benjamín.
245 ## - MENCIÓN DE TÍTULO
Título La revolución de la independencia del Perú desde 1809 a 1819 /
260 ## - PUBLICACIÓN, DISTRIBUCIÓN, ETC.
Lugar de publicación, distribución, etc. Lima :
Nombre de la editorial, distribuidor, etc. Ministerio de Cultura del Perú,
-- Proyecto Especial Bicentenario de la Independencia del Perú,
Fecha de publicación, distribución, etc. 2022
300 ## - DESCRIPCIÓN FÍSICA
Nº de Páginas Extensión 223 páginas. :
Dimensiones 20 cm.
505 ## - NOTA DE CONTENIDO CON FORMATO
Nota de contenido formateada La independencia del Perú considerada en sí misma -- La independencia del Perú considerada en los hechos que la precedieron -- La independencia del Perú desde sus primeros levantamientos armados hasta los preparativos de la invasión de San Martín -- La independencia del Perú desde los primeros aprestos de la expedición de San Martín hasta la aparición en el Callao de la escuadra chilena
650 ## - PUNTO DE ACCESO ADICIONAL DE MATERIA--TÉRMINO DE MATERIA
Descriptor Guerra de Independencia, 1820-1829.
9 (RLIN) 49865
650 ## - PUNTO DE ACCESO ADICIONAL DE MATERIA--TÉRMINO DE MATERIA
Descriptor La independencia del Perú considerada en sí misma
9 (RLIN) 49866
650 ## - PUNTO DE ACCESO ADICIONAL DE MATERIA--TÉRMINO DE MATERIA
Descriptor La independencia del Perú considerada en los hechos que la precedieron
9 (RLIN) 49867
856 ## - LOCALIZACIÓN Y ACCESO ELECTRÓNICOS
Dirección electrónica www.bicentenario.gob.pe/biblioteca
942 ## - ELEMENTOS DE PUNTO DE ACCESO ADICIONAL (KOHA)
Fuente de clasificación
Tipo de item Libros-BMC
945 ## - PROCESAMIENTO DE INFORMACIÓN LOCAL (OCLC)
Catalogador pbj
AAAA-MM-DD - Fecha de ingreso o modificacion 2024-05-14
Holdings
Estado de retiro (separado) Fuente de clasificación o esquema de estanterías Estado dañado Ubicación Sala donde se ubica Nombre de la colección Fecha de adquisición o compra Fuente de adquisición Costo, precio normal en soles Signatura topográfica Código de Barras Última vez visto (Koha) Tipo de ítem (Koha)
No     Sala Humanidades Sala Humanidades Book Cart 2024-05-14 Donacion 20.00 985.04 / V64R SH0000016739 2024-05-14 Libros-BMC

Powered by Koha